000 00747nam a2200217Ia 4500
008 160319s9999 xx 000 0 und d
020 _a9715422411
050 _aFil 899.21009
050 _bL727 1997
245 4 _aThe Likhaan book of poetry and fiction 1997 /
245 _cGemino H. Abad, Cristina Pantoja Hidalgo, editors.
260 _aQuezon City :
260 _bU.P. Creative Writing Center,
260 _c1997
300 _a xiv, 328 pages :
500 _a"A joint project of Likhaan: U.P. Creative Writing Center and University of the Philippines Press."
650 _aPhilippine fiction (English)
650 _aPhilippine poetry (English)
700 _aAbad, Gemino Henson, 1939-
700 _aHidalgo, Cristina Pantoja.
999 _c292364
_d292364